Дело о разрешении заграничного отпуска профессору Ф. Биддеру с научной целью

Доступно только в Электронных читальных залах Найти на картеНа карте
RUSMARC
00004250nmc2a2200000 x 450
001dc31c9f2-c090-4d84-9cfe-b0b5f497cf86
00520170414140704.0
100##$a20140606l18421842k l0rusy0189 ca
1010#$arus
102##$aRU
2001#$aДело о разрешении заграничного отпуска профессору Ф. Биддеру с научной целью
$j15 апреля - 4 июня 1842 г.
251##$cДело
300##$aДело
300##$aОриг. заголовок дела: Дело по представлению попечителя Дерптского учебного округа об увольнении экстраординарного профессора Дерптского университета Биддера в отпуск. 15 апреля 1842 г. - 4 июня 1842 г
801#0$aRU
$bРГИА
$c20140606
$gRCR
801#1$aRU
$bГлавНИВЦ
$c20140606
$2rusmarc
801#2$aRU
$bПБ им. Б.Н. Ельцина
$c20170414
$gRCR
$2rusmarc
850##$aРГИА
852##$aРГИА
$eФедеральное казенное учреждение "Российский государственный исторический архив" (РГИА)
$j180
937##$hРГИА
$d11169090
$aASBIBLIO_SCAN
462#0$1001fe4edb2a-8658-4269-9710-afcb460e1db3
$12001
$aДела Департамента народного просвещения по Дерптскому учебному округу за 1837-1862 гг.
$1251
$cОпись
$1852
$j57
461#0$1001a74412a3-3cc5-4d21-8f0a-dfe2fbd9e72d
$12001
$aДепартамент народного просвещения Министерства народного просвещения (1803-1917)
$1251
$cФонд
$1852
$j733
215##$a9 л.
$d36,5x26 см
371##$aДокумент не является опубликованным и широко распространяемым
105##$aу###
1222#$ad
5171#$aДело по представлению попечителя Дерптского учебного округа об увольнении экстраординарного профессора Дерптского университета Биддера в отпуск. 15 апреля 1842 г. - 4 июня 1842 г
035##$adc31c9f2-c090-4d84-9cfe-b0b5f497cf86
856##$uhttp://readingroom.main.prlib.ru/item.aspx?id_node=n96969270&mode=full
Формат отображения